| Tag |
First Indicator |
Second Indicator |
Subfields |
| LEADER |
00000cam a22000001a 4500 |
| 001 |
in00003371349 |
| 006 |
m d f |
| 007 |
cr bn mmmapmmp |
| 008 |
100621s1988 dcu o f000 0 eng d |
| 005 |
20260501192848.0 |
| 035 |
|
|
|a cis2007882075
|
| 040 |
|
|
|a ProQuest
|c ProQuest
|d UtOrBLW
|
| 043 |
|
|
|a n-us---
|
| 099 |
|
|
|a CRS-1988-ECN-0038
|
| 110 |
2 |
|
|a Library of Congress.
|b Congressional Research Service.
|
| 245 |
1 |
0 |
|a Federal Housing Administration :
|b Limits on Insurance Commitments.
|
| 264 |
|
1 |
|a [Place of publication not identified] :
|b [publisher not identified],
|c 1988.
|
| 300 |
|
|
|a 1 online resource.
|
| 336 |
|
|
|a text
|b txt
|2 rdacontent
|
| 337 |
|
|
|a computer
|b c
|2 rdamedia
|
| 338 |
|
|
|a online resource
|b cr
|2 rdacarrier
|
| 500 |
|
|
|a Record is based on bibliographic data in ProQuest U.S. Congressional Research Digital Collection (last viewed June 2010). Reuse except for individual research requires license from ProQuest, LLC.
|
| 500 |
|
|
|a CRS Report.
|
| 520 |
|
|
|a Examines whether the fiscal ceiling set by Congress on the volume of Federal Housing Administration insurance commitments, and subject to further reduction under the Balanced Budget and Emergency Deficit Control Act, should be removed.
|
| 500 |
|
|
|a Electronic resource.
|
| 650 |
|
0 |
|a Mortgages.
|
| 655 |
|
7 |
|a Electronic books.
|2 local
|
| 710 |
2 |
|
|a ProQuest (Firm)
|
| 776 |
0 |
8 |
|i Microfiche version:
|a Library of Congress. Congressional Research Service.
|t Federal Housing Administration: Limits on Insurance Commitments
|
| 830 |
|
0 |
|a U.S. Congressional Research.
|
| 856 |
4 |
0 |
|u http://proxy.library.tamu.edu/login?url=https://congressional.proquest.com/congcomp/getdoc?CRDC-ID=CRS-1988-ECN-0038
|z Connect to the full text of this electronic book
|t 0
|
| 999 |
|
|
|a MARS
|
| 999 |
f |
f |
|s 924b928e-217e-3e72-adb9-dbcf2dda24f6
|i fd1059ef-eff7-3424-8fa5-b71c535b307a
|t 0
|
| 952 |
f |
f |
|a Texas A&M University
|b College Station
|c Electronic Resources
|s www_evans
|d Available Online
|t 0
|e CRS-1988-ECN-0038
|h Other scheme
|
| 998 |
f |
f |
|a CRS-1988-ECN-0038
|t 0
|l Available Online
|